Ako podnikať

Z obsahu: Popôrodné bolesti pri spájaní firiem. Podnikanie je hra s ľuďmi, hodnota značiek. Daňová optimalizácia a írska rocková legenda Bono

Guardado en:
Detalles Bibliográficos
Formato: Capítulo de libro
Lenguaje:eslovaco
Materias:
Etiquetas: Agregar Etiqueta
Sin Etiquetas, Sea el primero en etiquetar este registro!

MARC

LEADER 00000naa$a2200000$$$4500
001 0055757
005 20231009073137.4
041 0 |a slo 
044 |a SK 
245 1 0 |a Ako podnikať 
520 |a Z obsahu: Popôrodné bolesti pri spájaní firiem. Podnikanie je hra s ľuďmi, hodnota značiek. Daňová optimalizácia a írska rocková legenda Bono 
610 2 0 |a firmy 
610 2 0 |a fúzie 
610 2 0 |a akvizícia 
610 2 0 |a podnikanie 
610 2 0 |a optimalizácia daňová